000 00706nam a2200217 u 4500
005 20230418063625.0
008 100427s2008 r 000 0 eng d
020 _a9788427715752
035 _aUPN01000175533
049 _aCG
050 4 _aLB1027.42
_bA6.8
245 0 3 _aEl aprendizaje basado en problemas (ABP) :
_buna propuesta metodológica en educación superior /
_ccoord. Alicia Escribano.
260 _aMadrid :
_bNarcea,
_c2008.
300 _a184 p. :
_btablas
440 0 _aUniversitaria
650 2 _aAprendizaje basado en problemas
_96423
650 2 _aAprendizaje
_xMetodología
_95523
650 4 _aInnovaciones educativas
_9386
700 1 _aEscribano, Alicia,
_ecoord.
905 _aLibro
999 _c147637
_d147637